El Panamericanismo: su evolución histórica y esencia
Wedi'i Gadw mewn:
| Awdur Corfforaethol: | |
|---|---|
| Fformat: | Texto |
| Cyhoeddwyd: |
Moscú:
Academia de Ciencias de la URSS
|
| Rhifyn: | 2 |
| Tagiau: |
Ychwanegu Tag
Dim Tagiau, Byddwch y cyntaf i dagio'r cofnod hwn!
|
MARC
| LEADER | 00000 a a2200000 04500 | ||
|---|---|---|---|
| 001 | 25009 | ||
| 003 | |||
| 040 | |||
| 090 | |a 176900 | ||
| 110 | |a Academia de Ciencias de la URSS | ||
| 245 | |a El Panamericanismo: su evolución histórica y esencia | ||
| 250 | |a 2 | ||
| 260 | |a Moscú: |b Academia de Ciencias de la URSS | ||
| 300 | |a 223 p. | ||
| 999 | |c 1495 |d 1495 | ||
